Hệ hỗ trợ ra quyết định

Spremljeno u:
Bibliografski detalji
Glavni autor: Lê, Văn Dực
Format: Knjiga
Jezik:Undetermined
Izdano: Thành phố Hồ Chí Minh Đại Học Quốc Gia Thành phố Hồ Chí Minh 2006
Teme:
Oznake: Dodaj oznaku
Bez oznaka, Budi prvi tko označuje ovaj zapis!
Thư viện lưu trữ: Trung tâm Học liệu Trường Đại học Cần Thơ
LEADER 00687nam a2200205Ia 4500
001 CTU_119770
008 210402s9999 xx 000 0 und d
020 |c 29500 
082 |a 658.403 
082 |b D552 
100 |a Lê, Văn Dực 
245 0 |a Hệ hỗ trợ ra quyết định 
245 0 |c Lê Văn Dực 
260 |a Thành phố Hồ Chí Minh 
260 |b Đại Học Quốc Gia Thành phố Hồ Chí Minh 
260 |c 2006 
650 |a Decision making,Decision support systems.,Decision making 
650 |x Computer assisted instruction.,data processing 
904 |i Minh 
980 |a Trung tâm Học liệu Trường Đại học Cần Thơ